Proceedings of the Second United Nations International Conference on the Peaceful Uses of Atomic Energy.

Bibliographic Details
Corporate Authors: International Conference on the Peaceful Uses of Atomic Energy Geneva, United Nations, United Nations International Conference on the Peaceful Uses of Atomic Energy
Format: Conference Proceeding Book
Language:English
Published: Geneva : United Nations, 1958.
Series:United Nations document A/Conf.15/1
Subjects:

MARC

Tag First Indicator Second Indicator Subfields
LEADER 00000cam a2200000Ia 4500
001 in00001738621
005 20151025050821.0
008 830406s1958 sz 000 0 eng d
020 |c $12.50 
035 |a (OCoLC)ocm09381034 
040 |a OCO  |c OCO  |d TXA  |d UtOrBLW 
049 |a TXAM 
090 |a QC770  |b .I53 1958 
092 0 |a 539.76  |b I61p, 1958  |2 19 
111 2 |a International Conference on the Peaceful Uses of Atomic Energy  |n (2nd :  |d 1958 :  |c Geneva) 
245 1 0 |a Proceedings of the Second United Nations International Conference on the Peaceful Uses of Atomic Energy. 
264 1 |a Geneva :  |b United Nations,  |c 1958. 
300 |a 33 volumes :  |b illustrations ;  |c 29 cm. 
336 |a text  |b txt  |2 rdacontent 
337 |a unmediated  |b n  |2 rdamedia 
338 |a volume  |b nc  |2 rdacarrier 
490 0 |a United Nations document A/Conf.15/1 
505 0 |a v. 1. Progress in atomic energy.--v. 2. Survey of raw material resources.--v. 3. Processing of raw materials.--v. 4. Production of nuclear materials and isotopes.--v. 5. Properties of reactor materials.--v. 6. Basic metallurgy and fabrication of fuels.--v. 7. Reactor technology.--v. 8. Nuclear power plants, part. 1.--v. 9. Nuclear power plants, part 2.--v. 10. Research reactors.--v. 11. Reactor safety and control.--v. 12. Reactor physics.--v. 13. Reactor physics and economics.--v. 14. Nuclear physics and instrumentation.--v. 15. Physics in nuclear energy.--v. 16. Nuclear data and reactor theory.--v. 17. Processing irradiated fuels and radioactive materials.--v. 18. Waste treatment and environmental aspects of atomic energy.--v. 19. The use of Isotopes. 
505 0 |a --v. 20. Isotopes in research.--v. 21. Health and safety.--v. 22. Biological effects of radiation.--v. 23. Experience in radiological protection.--v. 24. Isotopes in biochemistry and physiology, part 1.--v. 25. Isotopes in biochemistry and physiology, part 2.--v. 26. Isotopes in medicine.--v. 27. Isotopes in agriculture.--v. 28. Basic chemistry in nuclear energy.--v. 29. Chemical effects of radiation.--v. 30. Fundamental physics.--v. 31. Theoretical and experimental aspects of controlled nuclear fusion.--v. 32. Controlled fusion devices.--v. 33. Index to the proceedings. 
650 0 |a Nuclear engineering. 
650 0 |a Nuclear energy. 
710 2 |a United Nations. 
711 2 |a United Nations International Conference on the Peaceful Uses of Atomic Energy  |n (2nd :  |d 1958 :  |c Geneva) 
948 |a cataloged  |b h  |c 2003/4/18  |d c  |e rrojas  |f 11:36:32 am 
994 |a E0  |b TXA 
999 |a MARS 
999 f f |s db7d375f-acf6-3c9b-8985-9f5f153464ab  |i fbbb7d33-55b2-3a3c-a22e-b64c08c3f75d  |t 0 
952 f f |p ric  |a Texas A&M University  |b Rellis Campus  |c Joint Library Facility  |s JLF  |d Remote Storage  |t 0  |e QC770 .I53 1958  |h Library of Congress classification  |i unmediated -- volume  |k v.33  |m A14826858363 
952 f f |p ric  |a Texas A&M University  |b Rellis Campus  |c Joint Library Facility  |s JLF  |d Remote Storage  |t 0  |e QC770 .I53 1958  |h Library of Congress classification  |i unmediated -- volume  |k v.11  |m A14826858193 
952 f f |p ric  |a Texas A&M University  |b Rellis Campus  |c Joint Library Facility  |s JLF  |d Remote Storage  |t 0  |e QC770 .I53 1958  |h Library of Congress classification  |i unmediated -- volume  |k v.13  |m A14826858232 
952 f f |p ric  |a Texas A&M University  |b Rellis Campus  |c Joint Library Facility  |s JLF  |d Remote Storage  |t 0  |e QC770 .I53 1958  |h Library of Congress classification  |i unmediated -- volume  |k v.25  |m A14826858088 
952 f f |p ric  |a Texas A&M University  |b Rellis Campus  |c Joint Library Facility  |s JLF  |d Remote Storage  |t 0  |e QC770 .I53 1958  |h Library of Congress classification  |i unmediated -- volume  |k v.16  |m A14826858355 
952 f f |p ric  |a Texas A&M University  |b Rellis Campus  |c Joint Library Facility  |s JLF  |d Remote Storage  |t 0  |e QC770 .I53 1958  |h Library of Congress classification  |i unmediated -- volume  |k v.3  |m A14826857993 
952 f f |p ric  |a Texas A&M University  |b Rellis Campus  |c Joint Library Facility  |s JLF  |d Remote Storage  |t 0  |e QC770 .I53 1958  |h Library of Congress classification  |i unmediated -- volume  |k v.9  |m A14826858119 
952 f f |p ric  |a Texas A&M University  |b Rellis Campus  |c Joint Library Facility  |s JLF  |d Remote Storage  |t 0  |e QC770 .I53 1958  |h Library of Congress classification  |i unmediated -- volume  |k v.15  |m A14826858313 
952 f f |p ric  |a Texas A&M University  |b Rellis Campus  |c Joint Library Facility  |s JLF  |d Remote Storage  |t 0  |e QC770 .I53 1958  |h Library of Congress classification  |i unmediated -- volume  |k v.21  |m A14826857927 
952 f f |p ric  |a Texas A&M University  |b Rellis Campus  |c Joint Library Facility  |s JLF  |d Remote Storage  |t 0  |e QC770 .I53 1958  |h Library of Congress classification  |i unmediated -- volume  |k v.8  |m A14808194127 
952 f f |p ric  |a Texas A&M University  |b Rellis Campus  |c Joint Library Facility  |s JLF  |d Remote Storage  |t 0  |e QC770 .I53 1958  |h Library of Congress classification  |i unmediated -- volume  |k v.17  |m A14826858397 
952 f f |p ric  |a Texas A&M University  |b Rellis Campus  |c Joint Library Facility  |s JLF  |d Remote Storage  |t 0  |e QC770 .I53 1958  |h Library of Congress classification  |i unmediated -- volume  |k v.27  |m A14826858169 
952 f f |p ric  |a Texas A&M University  |b Rellis Campus  |c Joint Library Facility  |s JLF  |d Remote Storage  |t 0  |e QC770 .I53 1958  |h Library of Congress classification  |i unmediated -- volume  |k v.18  |m A14826858436 
952 f f |p ric  |a Texas A&M University  |b Rellis Campus  |c Joint Library Facility  |s JLF  |d Remote Storage  |t 0  |e QC770 .I53 1958  |h Library of Congress classification  |i unmediated -- volume  |k v.12  |m A14816935367 
952 f f |p ric  |a Texas A&M University  |b Rellis Campus  |c Joint Library Facility  |s JLF  |d Remote Storage  |t 0  |e QC770 .I53 1958  |h Library of Congress classification  |i unmediated -- volume  |k v.32  |m A14826858321 
952 f f |p ric  |a Texas A&M University  |b Rellis Campus  |c Joint Library Facility  |s JLF  |d Remote Storage  |t 0  |e QC770 .I53 1958  |h Library of Congress classification  |i unmediated -- volume  |k v.20  |m A14826857888 
952 f f |p ric  |a Texas A&M University  |b Rellis Campus  |c Joint Library Facility  |s JLF  |d Remote Storage  |t 0  |e QC770 .I53 1958  |h Library of Congress classification  |i unmediated -- volume  |k v.19  |m A14826858478 
952 f f |p ric  |a Texas A&M University  |b Rellis Campus  |c Joint Library Facility  |s JLF  |d Remote Storage  |t 0  |e QC770 .I53 1958  |h Library of Congress classification  |i unmediated -- volume  |k v.6  |m A14816935422 
952 f f |p ric  |a Texas A&M University  |b Rellis Campus  |c Joint Library Facility  |s JLF  |d Remote Storage  |t 0  |e QC770 .I53 1958  |h Library of Congress classification  |i unmediated -- volume  |k v.23  |m A14826858004 
952 f f |p ric  |a Texas A&M University  |b Rellis Campus  |c Joint Library Facility  |s JLF  |d Remote Storage  |t 0  |e QC770 .I53 1958  |h Library of Congress classification  |i unmediated -- volume  |k v.29  |m A14826858208 
952 f f |p ric  |a Texas A&M University  |b Rellis Campus  |c Joint Library Facility  |s JLF  |d Remote Storage  |t 0  |e QC770 .I53 1958  |h Library of Congress classification  |i unmediated -- volume  |k v.1  |m A14809997730 
952 f f |p ric  |a Texas A&M University  |b Rellis Campus  |c Joint Library Facility  |s JLF  |d Remote Storage  |t 0  |e QC770 .I53 1958  |h Library of Congress classification  |i unmediated -- volume  |k v.24  |m A14826858046 
952 f f |p ric  |a Texas A&M University  |b Rellis Campus  |c Joint Library Facility  |s JLF  |d Remote Storage  |t 0  |e QC770 .I53 1958  |h Library of Congress classification  |i unmediated -- volume  |k v.30  |m A14826858240 
952 f f |p ric  |a Texas A&M University  |b Rellis Campus  |c Joint Library Facility  |s JLF  |d Remote Storage  |t 0  |e QC770 .I53 1958  |h Library of Congress classification  |i unmediated -- volume  |k v.10  |m A14826858151 
952 f f |p ric  |a Texas A&M University  |b Rellis Campus  |c Joint Library Facility  |s JLF  |d Remote Storage  |t 0  |e QC770 .I53 1958  |h Library of Congress classification  |i unmediated -- volume  |k v.28  |m A14816935375 
952 f f |p ric  |a Texas A&M University  |b Rellis Campus  |c Joint Library Facility  |s JLF  |d Remote Storage  |t 0  |e QC770 .I53 1958  |h Library of Congress classification  |i unmediated -- volume  |k v.7  |m A14816935414 
952 f f |p ric  |a Texas A&M University  |b Rellis Campus  |c Joint Library Facility  |s JLF  |d Remote Storage  |t 0  |e QC770 .I53 1958  |h Library of Congress classification  |i unmediated -- volume  |k v.5  |m A14826858070 
952 f f |p ric  |a Texas A&M University  |b Rellis Campus  |c Joint Library Facility  |s JLF  |d Remote Storage  |t 0  |e QC770 .I53 1958  |h Library of Congress classification  |i unmediated -- volume  |k v.14  |m A14826858274 
952 f f |p ric  |a Texas A&M University  |b Rellis Campus  |c Joint Library Facility  |s JLF  |d Remote Storage  |t 0  |e QC770 .I53 1958  |h Library of Congress classification  |i unmediated -- volume  |k v.31  |m A14826858282 
952 f f |p ric  |a Texas A&M University  |b Rellis Campus  |c Joint Library Facility  |s JLF  |d Remote Storage  |t 0  |e QC770 .I53 1958  |h Library of Congress classification  |i unmediated -- volume  |k v.2  |m A14809227999 
952 f f |p ric  |a Texas A&M University  |b Rellis Campus  |c Joint Library Facility  |s JLF  |d Remote Storage  |t 0  |e QC770 .I53 1958  |h Library of Congress classification  |i unmediated -- volume  |k v.22  |m A14826857969 
952 f f |p ric  |a Texas A&M University  |b Rellis Campus  |c Joint Library Facility  |s JLF  |d Remote Storage  |t 0  |e QC770 .I53 1958  |h Library of Congress classification  |i unmediated -- volume  |k v.4  |m A14826858038 
952 f f |p ric  |a Texas A&M University  |b Rellis Campus  |c Joint Library Facility  |s JLF  |d Remote Storage  |t 0  |e QC770 .I53 1958  |h Library of Congress classification  |i unmediated -- volume  |k v.26  |m A14826858127 
998 f f |a QC770 .I53 1958  |s v.1-v.33  |t 0  |l Remote Storage